00568 2200217 4500001002100000005001500021035002000036007000300056008004100059020002200100082001000122084001600132100001800148245007300166250001000239260004100249300002500290650001000315700001400325990001100339INLIS00000000000666620210301103230 a0010-0321000036ta210301 g p ind  a978-602-482-246-0 a808.1 a808.1 ETI a0 aETI, Fahriaty1 aAntologi Puisi Pelangi Suara Hati /cEti Fahriaty; editor, Istiqomah acet.1 aSurabaya :bPustaka MediaGuru,c2018 ax, 73 hal. ;c21 cm. 4aPUISI0 aISTIQOMAH a7921 a